000 00340nam a2200145Ia 4500
008 150201s1999 xx 000 0 und d
082 _aD1999H
_bD1999H
100 _aHENRY
245 _aDENTAL CATALOUGE
250 _a1ST
260 _bHENERY PUBLICATION
_aDELHI
_c1999
300 _a1-120
650 _aGENERAL DENTISTRY
942 _2ddc
_cBK
999 _c4216
_d4216